Premier league: Teams with most goals - Statistics

General Stats
  • This quiz has been taken 73 times
  • The average score is 7 of 10
Answer Stats
No of Goals Teams % Correct
3. 1,982 Liverpool
97%
2. 1,989 Arsenal
93%
5. 1,699 Tottenham
88%
4. 1,942 Chelsea
86%
7. 1,472 Everton
75%
8. 1,353 Newcastle
66%
6. 1,613 Man. City
64%
9. 1,240 Aston Villa
63%
10. 1,216 West Ham
61%
1. 2,160 Man. Utd
37%
No matching quizzes found
Score Distribution
Percent of People with Each Score
Percentile by Number Answered
Your Score History
You have not taken this quiz